000 00300nam a2200109Ia 4500
008 220216s9999 xx 000 0 und d
245 0 _ai-klon- An image recognition system for hevea clones
260 _bRubber Technology Development
_c2012
300 _a15-Nov
650 _aHevea clones
942 _cJS
999 _c60689
_d60689